A könyvvizsgálati munka tervezése és a könyvvizsgálati kockázatbecslés a gyakorlatban

Bibliographic Details
Main Author: Németh Ildikó
Other Authors: Korom Dr. Erik
Format: Thesis
Kulcsszavak:könyvvizsgálat
Kockázatbecslés
lényegesség
Online Access:http://dolgozattar.uni-bge.hu/11199

MARC

LEADER 00000nta a2200000 i 4500
001 dolg11199
005 20170513092630.0
008 170513suuuu hu om 000 hun d
040 |a BGE Dolgozattár Repozitórium  |b hun 
041 |a hu 
100 1 |a Németh Ildikó 
245 1 2 |a A könyvvizsgálati munka tervezése és a könyvvizsgálati kockázatbecslés a gyakorlatban  |c Németh Ildikó  |h [elektronikus dokumentum] 
246 1 1 |a A könyvvizsgálati munka tervezése és a könyvvizsgálati kockázatbecslés a gyakorlatban 
695 |a könyvvizsgálat 
695 |a Kockázatbecslés 
695 |a lényegesség 
700 1 |a Korom Dr. Erik  |e ths 
856 4 0 |u http://dolgozattar.uni-bge.hu/11199/1/N%C3%A9meth%20Ildik%C3%B3_I7SP18_Szakdolgozat_2017.pdf  |z Dokumentum-elérés 
856 4 0 |u http://dolgozattar.uni-bge.hu/11199/2/N%C3%A9meth%20Ildik%C3%B3_2017_Titkos%C3%ADt%C3%A1si%20k%C3%A9relem.pdf  |z Dokumentum-elérés